Iranianism: (Record no. 19068)
[ view plain ]
| 000 -LEADER | |
|---|---|
| fixed length control field | 01143nam a2200265 a 4500 |
| 005 - DATE AND TIME OF LATEST TRANSACTION | |
| control field | 20080811105156.0 |
| 008 - FIXED-LENGTH DATA ELEMENTS--GENERAL INFORMATION | |
| fixed length control field | 070914s2007 ii b 001 0 eng |
| 010 ## - LCCN (DPL NO) | |
| LC control number | ENG-91812 |
| 020 ## - INTERNATIONAL STANDARD BOOK NUMBER | |
| Terms of availability | 75.00 |
| 035 ## - SYSTEM CONTROL NUMBER | |
| System control number | EN-75345 |
| 037 ## - SOURCE OF ACQUISITION | |
| Source of stock number/acquisition | DBAD / PUB |
| 040 ## - CATALOGING SOURCE | |
| Original cataloging agency | dpl |
| Language of cataloging | English |
| 082 ## - DEWEY DECIMAL CLASSIFICATION NUMBER | |
| Classification number | 915.503 |
| 100 ## - MAIN ENTRY--PERSONAL NAME | |
| Personal name | Chatterji, Suniti Kumar, 1890-1977. |
| 245 ## - TITLE STATEMENT | |
| Title | Iranianism: |
| Remainder of title | Iranian culture and its impact on the world from Achaemenian times/ |
| Statement of responsibility, etc | by Suniti Kumar Chatterji |
| 260 ## - PUBLICATION, DISTRIBUTION, ETC. (IMPRINT) | |
| Place of publication, distribution, etc | Kolkata : |
| Name of publisher, distributor, etc | The Asiatic Society, |
| Date of publication, distribution, etc | 2008(repr.). |
| 270 ## - ADDRESS | |
| Address | 1 Park Street |
| City | Kolkata |
| Postal code | 700016 |
| 300 ## - PHYSICAL DESCRIPTION | |
| Extent | 35p. |
| Dimensions | 24 cm (pbk) |
| 490 ## - SERIES STATEMENT | |
| Series statement | Monograph series ; v. 22 |
| 500 ## - GENERAL NOTE | |
| General note | "Paper read and discussed on 3 September 1970, at the World Congress of Iranologists, from 31 August to 7 September 1966, Tehran, Iran." |
| 546 ## - LANGUAGE NOTE | |
| Language note | Includes words in Bengali and Sanskrit |
| Information code or alphabet | (roman) |
| 651 ## - SUBJECT ADDED ENTRY--GEOGRAPHIC NAME | |
| Geographic name | Iran |
| General subdivision | Civilization. |
| 942 ## - ADDED ENTRY ELEMENTS (KOHA) | |
| Source of classification or shelving scheme | Dewey Decimal Classification |
| Item type | English Books |
| Call number suffix | CHA |
| Classification part | 915.503 |
| Withdrawn status | Lost status | Source of classification or shelving scheme | Damaged status | Not for loan | Collection code | Home library | Current library | Date acquired | Source of acquisition | Cost, normal purchase price | Total Checkouts | Full call number | Barcode | Date last seen | Copy number | Cost, replacement price | Koha item type |
|---|---|---|---|---|---|---|---|---|---|---|---|---|---|---|---|---|---|
| Dewey Decimal Classification | Not For Loan | Non-fiction | D.B.Act.Division | D.B.Act.Division | 25/11/2008 | DBAD / PUB | 75.00 | 915.503 CHA | EN-75345 | 25/11/2008 | 1 | 75.00 | English Books |
